Metodología para la aplicación de la coordinación modular en la enseñanza de la ingeniería civil
Gespeichert in:
| 1. Verfasser: | |
|---|---|
| Format: | Buch |
| Veröffentlicht: |
[San José, Costa Rica]
2007
|
| Schlagworte: | |
| Tags: |
Tag hinzufügen
Keine Tags, Fügen Sie den ersten Tag hinzu!
|
MARC
| LEADER | 00000nam a2200000Ia 4500 | ||
|---|---|---|---|
| 003 | 001008 | ||
| 005 | 20221231144104.0 | ||
| 008 | 140114s2007 cr a 000 ||s d | ||
| 040 | |c cru CEDI | ||
| 090 | |a TFG 5535 | ||
| 100 | |a Altmann Ortíz, Rodrigo |9 4637 | ||
| 245 | |a Metodología para la aplicación de la coordinación modular en la enseñanza de la ingeniería civil | ||
| 260 | |c 2007 |b [San José, Costa Rica] | ||
| 300 | |a 119 hojas; ilustraciones (algunas a color) | ||
| 500 | |a Tesis (licenciatura en ingeniería civil)--Universidad de Costa Rica. Facultad de Ingeniería. Escuela de Ingeniería Civil | ||
| 650 | |x CONSTRUCCION |x INDUSTRIA DE LA CONSTRUCCION |x INGENIERÍA CIVIL |x ESTUDIO Y ENSEÑANZA |x COORDINACION MODULAR (ARQUITECTURA) |x CONSTRUCCIONES PREFABRICADAS |9 4638 | ||
| 942 | |c TFG | ||
| 999 | |c 16726 |d 16726 | ||
